000 00435nam a22001697a 4500
003 OSt
005 20220905160602.0
008 220905b |||||||| |||| 00| 0 eng d
040 _cIFM Library
100 _aBarringer ,Bruce
245 _aEntrepreneurship: Successfully Launching New Ventures
250 _a4th ed
260 _alondon
_bPearson
_c2012
300 _a585p,ill,: 27cm
500 _ainclude Index
942 _2ddc
_cBK
_n0
999 _c21665
_d21665